00655nam a22002057a 450000500170000001000130001702000220003003500130005203700160006504000120008108200130009310000180010624500840012426000480020827000470025630000260030350000610032965000290039065000300041920170124110050.0 aA-759162 c00.00a8171007899 aA-759162 bCen Lib/Ret aDPLbEN a658bDIW aDiwan, Parag  aQuality in totality :cby Parag Diwan ba manager's guide to TQM and ISO 9000 / aNew Delhi bDeep & Depp Publications c1995 aF-159, rajouri garden bNew delhi e110027 axi, 206p. :b21cm(Hb) aIncludes glossary, bibliographical references and index  aTotal quality management aISO 9000 Series Standards